| 000 | 00820cam a22002292 4500 | ||
|---|---|---|---|
| 001 | 0000003286 | ||
| 005 | 20151217151921.0 | ||
| 008 | 070502s xx 000 0 eng d | ||
| 020 | _a0198233469 : | ||
| 040 |
_aKABU _cKABU |
||
| 050 | 0 |
_aHT65 _b.U73 |
|
| 245 | 1 | 3 |
_aAn Urbanizing world : _bglobal report on human settlements, 1996 / _cUnited Nations Centre for Human Settlements (HABITAT) |
| 260 |
_aOxford : _bOxford University Press, _c1996. |
||
| 300 |
_axxxiv, 559 p. ; _c30 cm. |
||
| 650 | 0 |
_aHuman settlements. _@0000153070 |
|
| 650 | 0 |
_aRegional planning _zDeveloping countries. _@0000153071 |
|
| 710 | 2 |
_aUnited Nations Centre for Human Settlements. _@0000151084 |
|
| 908 | _a070502 | ||
| 950 | _@1 | ||
| 999 |
_c6331 _d6331 |
||